عرض عادي
عرض مارك
- Shakespeare, William,
مدخل إسم شخص
001 - رقم الضبط
- حقل الضبط: 3920
003 - معرف رقم الضبط
- حقل الضبط: OSt
005 - تاريخ ووقت أخر عملية
- حقل الضبط: 20110907060524.0
008 - عناصر بيانات ثابتة الطول
- حقل تحكم ثابت الطول: 110907|||a|||||| | ||| d
040 ## - مصدر الفهرسة
- هيئة الفهرسة الأصلية: OSt
- وكالة الكتابة: OSt
100 ## - مدخل -- أسم شخص
- إسم شخص: Shakespeare, William,
- تواريخ مرتبطة بالاسم: 1564-1616
- تفريع عام: Tragedies.
670 ## - بيانات المصدر موجوده
- الاستشهاد بالمصدر: Work cat.: (OSt)0: Dollimore, Jonathan. 3919, Radical tragedy :, 2010.
